| Tag |
First Indicator |
Second Indicator |
Subfields |
| LEADER |
00000cam a2200000 a 4500 |
| 001 |
in00000035065 |
| 005 |
20151007055253.0 |
| 008 |
870515s1988 nyu b 00110 eng |
| 010 |
|
|
|a 87014447
|
| 020 |
|
|
|a 0312009127 :
|c $30.00 (est.)
|
| 035 |
|
|
|a (OCoLC)15792884
|
| 035 |
|
|
|9 AAB7746AM
|
| 040 |
|
|
|a DLC
|c DLC
|d TXA
|d UtOrBLW
|
| 049 |
|
|
|a TXAM
|c [A11506082]
|
| 050 |
0 |
0 |
|a PR6011.O58
|b Z684 1988
|
| 082 |
0 |
|
|a 823/.912
|2 19
|
| 100 |
1 |
|
|a Herz, Judith Scherer.
|
| 245 |
1 |
4 |
|a The short narratives of E.M. Forster /
|c Judith Scherer Herz.
|
| 264 |
|
1 |
|a New York :
|b St. Martin's Press,
|c 1988.
|
| 300 |
|
|
|a ix, 168 pages ;
|c 23 cm.
|
| 336 |
|
|
|a text
|b txt
|2 rdacontent
|
| 337 |
|
|
|a unmediated
|b n
|2 rdamedia
|
| 338 |
|
|
|a volume
|b nc
|2 rdacarrier
|
| 504 |
|
|
|a Bibliography: pages 152-162.
|
| 500 |
|
|
|a Includes index.
|
| 600 |
1 |
0 |
|a Forster, E. M.
|q (Edward Morgan),
|d 1879-1970
|x Criticism and interpretation.
|
| 999 |
|
|
|a MARS
|
| 999 |
f |
f |
|s 0c110309-4953-3fb4-ad13-1b0d2bb58910
|i 6a9a67a7-8805-3b38-9724-43e9a10599ef
|t 0
|
| 952 |
f |
f |
|p normal
|a Texas A&M University
|b College Station
|c Sterling C. Evans Library
|d Evans: Library Stacks
|t 0
|e PR6011.O58 Z684 1988
|h Library of Congress classification
|i unmediated -- volume
|m A14811506082
|
| 998 |
f |
f |
|a PR6011.O58 Z684 1988
|t 0
|l Evans: Library Stacks
|